000 00738nam a22002057a 4500
003 UA-OsUOA
001 35172
007 ta
008 20051109b un ||||| |||| 00| 0 ukr d
100 _aКрапивенко Дмитро
942 _cSA
040 _aUA-OsUOA
_bukr
_cUA-OsUOA
_dUA-OsUOA
245 _aМіграційний потоп
300 _aС.36-42
955 _a0
041 _aukr
520 3 _aКількість працездатного населення в розвинених країнах постійно скорочується. Майбутнє економіки цих держав залежить від гастарбайтерів.
773 0 _w35171
_tКонтракти
_d2005
_d44
650 7 _2UDC
999 _c321549
_d321549